00556 2200169 4500001002100000008004100021035002000062245009900082100001500181260005000196300003300246020002200279084001600301082001000317650004600327990001300373INLIS000000000000265 ind  a0010-0120000265 amembangun Akidah dan Akhlak 2buntuk Kelas VIII Madrasah TsanawiyahcT. Ibrahim dan H. Darsono aIbrahim, T aSolo :bTiga Serangkai Pustaka Mandiri,c2009 axii, 148 hlm.c17,6 x 25 cm. a978-979-018-221-9 a2X5.1 IBR m a2X5.1 aAkidah dan Akhlak -- Studi dan Pengajaran a21900265